000 00547nam a2200205 i 4500
001 67628
003 ES-MaACL
005 20230906170122.0
007 t|
008 040608s2003 sp ||||0| spa d
020 _a84-932748-5-2
040 _aM-BN
_bspa
_cM-BN
080 _a821.134.2-31"19"
100 1 _aCosta Gómez, Antonio.
_941096
245 1 4 _aLas campanas /
_cAntonio Costa Gómez.
250 _a1ª ed.
260 _aMérida :
_bDe la Luna Libros,
_c2003.
300 _a197 p. ;
_c21 cm.
852 _aES-MaACL
_jL-27874
_bR.133476
999 _c67628
_d67628